000 005210000a22001810004500
003 LK-CoMWRAF
005 20231213170613.0
008 230817t1986 ||||| |||| 00| 0 eng d
040 _aLK-CoMWRAF
_dLK-CoMWRAF
_eLK-CoMWRAF
041 _aeng
082 _a349.5491
_bPAT
100 _aPatel, Rashida
245 _aIslamisation of laws in Pakistan?
260 _aKarachi:
_bFaiza Publishers,
_c1986
300 _a238 p.; 23 cm
_bBibliography, glossary and index included
650 _a Islamic law- Pakistan
942 _cBK
999 _c2067
_d2067